[Event "THA pre olympic qual"]
[Site "Bangkok"]
[Date "2016.05.21"]
[Round "8"]
[White "Pongkiettisak, Sant"]
[Black "Pornariyasombat, Atippat"]
[Result "0-1"]
[WhiteElo "2029"]
[BlackElo "2015"]
[PlyCount "120"]
[EventDate "2016.05.14"]
[EventType "swiss"]
[EventRounds "9"]
[EventCountry "THA"]
[SourceTitle "CBM 172 Extra"]
[Source "ChessBase"]
[SourceDate "2016.06.21"]
[SourceVersion "1"]
[SourceVersionDate "2016.06.21"]
[SourceQuality "1"]

1. e4 c5 2. Nc3 Nc6 3. g3 g6 4. Bg2 Bg7 5. d3 d6 6. Be3 Nf6 7. h3 Rb8 8. Qd2 Nd4 9. Nce2 Nxe2 10. Nxe2 h6 11. f4 Nd7 12. c3 b5 13. a3 Bb7 14. 0-0 f5 15. d4 fxe4 16. Qc2 Nf6 17. dxc5 dxc5 18. Bxc5 Qd3 19. Qxd3 exd3 20. Nd4 Bxg2 21. Kxg2 Ne4 22. Ne6 Kf7 23. f5 Bf6 24. Bxa7 Ra8 25. Bd4 gxf5 26. Bxf6 Kxf6 27. Nd4 e6 28. Nxb5 Rhg8 29. Rf3 Rgb8 30. c4 Nd2 31. Rxd3 Nxc4 32. Rb3 Nd6 33. Nd4 Rxb3 34. Nxb3 Rb8 35. Nc1 Rxb2+ 36. Kf1 Ne4 37. Ne2 Nd2+ 38. Kf2 Nb3 39. Rd1 Ra2 40. Ke3 Na5 41. Rd3 Nc4+ 42. Kd4 Nxa3 43. Nc3 Rb2 44. Nd5+ Kf7 45. Rxa3 Rd2+ 46. Ke3 Rxd5 47. g4 Kf6 48. Ra4 Rb5 49. gxf5 Rxf5 50. Rg4 Rg5 51. Rf4+ Kg6 52. h4 Ra5 53. Re4 e5 54. Kf3 Ra3+ 55. Kg2 Kf5 56. Re2 e4 57. Kh2 Kf4 58. Kg2 Rg3+ 59. Kh2 Rd3 60. Kg2 e3 0-1